Արտո Չաքմաքչյան : (Record no. 458625)
[ view plain ]
| 000 -LEADER | |
|---|---|
| fixed length control field | 01404nam a2200301 a 4500 |
| 001 - CONTROL NUMBER | |
| control field | 417571 |
| 003 - CONTROL NUMBER IDENTIFIER | |
| control field | AM-YEHGA |
| 005 - DATE AND TIME OF LATEST TRANSACTION | |
| control field | 20250618075400.0 |
| 008 - FIXED-LENGTH DATA ELEMENTS--GENERAL INFORMATION | |
| fixed length control field | 181101s2016 ai a|||grc||||00||||arm|| |
| 020 ## - INTERNATIONAL STANDARD BOOK NUMBER | |
| International Standard Book Number | 9789939831763 |
| 040 ## - CATALOGING SOURCE | |
| Original cataloging agency | AM-YeHGA |
| 041 0# - LANGUAGE CODE | |
| Language code of text/sound track or separate title | armeng |
| 090 ## - LOCALLY ASSIGNED LC-TYPE CALL NUMBER (OCLC); LOCAL CALL NUMBER (RLIN) | |
| -- | 461684 |
| 245 00 - TITLE STATEMENT | |
| Title | Արտո Չաքմաքչյան : |
| Remainder of title | Քանդակ և գրաֆիկա = Arto Tchakmakchian: Sculptures & drawings / |
| Statement of responsibility, etc. | Առաջաբան՝ Ե. Տեր-Խաչատրյան ; Անգլերեն թարգմանությունը՝ Ք. Սողիկյան ; Խմբագիր՝ Ս. Խաչիկօղլյան. |
| 246 11 - VARYING FORM OF TITLE | |
| Title proper/short title | Arto Tchakmakchian: |
| Remainder of title | Sculptures & drawings |
| 260 ## - PUBLICATION, DISTRIBUTION, ETC. | |
| Place of publication, distribution, etc. | Երևան : |
| Name of publisher, distributor, etc. | Փրինթինֆո, |
| -- | Սարգիս Խաչենց, |
| Date of publication, distribution, etc. | 2016. |
| Place of manufacture | [կատալոգ] |
| 300 ## - PHYSICAL DESCRIPTION | |
| Extent | 255 էջ : |
| Other physical details | լուսանկարներ ; |
| Dimensions | 31 սմ. |
| 500 ## - GENERAL NOTE | |
| General note | Լուսանկարները՝ Արտո Չաքմաքչյանի արխիվից: |
| 500 ## - GENERAL NOTE | |
| General note | Գիրքը՝ սուպերշապիկով: |
| 546 ## - LANGUAGE NOTE | |
| Language note | Բնագիրը՝ հայերեն և անգլերեն: |
| 600 14 - SUBJECT ADDED ENTRY--PERSONAL NAME | |
| Personal name | Չաքմաքչյան, Արտո |
| 9 (RLIN) | 6715 |
| 650 14 - SUBJECT ADDED ENTRY--TOPICAL TERM | |
| Topical term or geographic name entry element | Հայ քանդակագործներ |
| 650 14 - SUBJECT ADDED ENTRY--TOPICAL TERM | |
| Topical term or geographic name entry element | Գրաֆիկա |
| 9 (RLIN) | 5733 |
| 700 1# - ADDED ENTRY--PERSONAL NAME | |
| Personal name | Տեր-Խաչատրյան, Երվանդ |
| Relator term | առաջաբ. |
| Relationship | aui |
| 700 1# - ADDED ENTRY--PERSONAL NAME | |
| Personal name | Սողիկյան, Քրիստինե |
| Relator term | թարգմ. |
| Relationship | trl |
| 700 1# - ADDED ENTRY--PERSONAL NAME | |
| Personal name | Խաչիկօղլյան, Սերգեյ |
| Relator term | խմբ. |
| Relationship | trl |
| 942 ## - ADDED ENTRY ELEMENTS (KOHA) | |
| Source of classification or shelving scheme | Universal Decimal Classification |
| Koha item type | Գրքեր / Books |
| Withdrawn status | Lost status | Source of classification or shelving scheme | Damaged status | Not for loan | Collection | Home library | Current library | Date acquired | Total checkouts | Full call number | Barcode | Date last seen | Price effective from | Koha item type | Public note |
|---|---|---|---|---|---|---|---|---|---|---|---|---|---|---|---|
| Universal Decimal Classification | General | Fundamental Scientific Library | Fundamental Scientific Library | 25/02/2021 | AIII/9049 | FL0641381 | 25/02/2021 | 25/02/2021 | Գրքեր / Books | 30 Days Loan | |||||
| Universal Decimal Classification | General | Fundamental Scientific Library | Fundamental Scientific Library | 25/02/2021 | AIII/9050 | FL0641382 | 25/02/2021 | 25/02/2021 | Գրքեր / Books | 30 Days Loan |
ՀՀ Գիտությունների ազգային ակադեմիայի հիմնարար գիտական գրադարան = Fundamental Scientific Library of NAS RA
All site content, except where otherwise noted, is licensed under a